[Event "It (open)"]
[Site "masterchessopen.com - Kharkov (Ukraine)"]
[Round "3"]
[White "Iljin Timofey (UKR)"]
[Black "Ivanov Andrey A (UKR)"]
[Result "1-0"]
[WhiteElo "2311"]
[BlackElo "2326"]

1.d4 Nf6 2.c4 c5 3.d5 e6 4.Nc3 exd5 5.cxd5 d6 6.e4 g6 7.f4 Bg7 8.Nf3 O-O 9.Be2
Bg4 10.O-O Re8 11.e5 dxe5 12.fxe5 Bxf3 13.Bxf3 Rxe5 14.Bf4 Rf5 15.Qd2 h5
16.Nb5 Na6 17.d6 Qb6 18.a4 Rd8 19.h3 h4 20.Bh2 Nb4 21.Rad1 Nc6 22.Kh1 a6
23.Nc3 Nd4 24.Be2 Qb3 25.Bd3 Rxf1+ 26.Rxf1 Ne6 27.Qf2 Rd7 28.Bb1 Qb4 29.Re1
Qd4 30.Qf1 {#r} 1-0

[Event "It (open)"]
[Site "masterchessopen.com - Los Angeles (USA)"]
[Round "1"]
[White "Landaw Maximilian (USA)"]
[Black "Peters John A (USA)"]
[Result "0-1"]
[WhiteElo "2106"]
[BlackElo "2423"]

1.d4 Nf6 2.c4 c5 3.d5 e6 4.Nc3 exd5 5.cxd5 d6 6.e4 g6 7.f4 Bg7 8.Nf3 O-O 9.Bd3
Re8 10.O-O c4 11.Bc2 b5 12.a3 Nbd7 13.Be3 Nb6 14.Bd4 Bd7 15.Re1 a5 16.Qd2 Rb8
17.Bxf6 Bxf6 18.e5 dxe5 19.fxe5 Bg7 20.Qd4 b4 21.axb4 axb4 22.Na4 b3 23.Nxb6
Qxb6 24.Qxb6 Rxb6 25.Bb1 Rb5 26.Ra7 Bg4 27.Nd2 Bxe5 28.Kh1 Rxd5 29.Nxc4 Rd1
30.Rxd1 Bxd1 31.Nxe5 Rxe5 32.Kg1 Bc2 {#R} 0-1

[Event "It (cat.4)"]
[Site "masterchessopen.com - Paris (France)"]
[Round "5"]
[White "Nguyen Chi-Minh (FRA)"]
[Black "Glicenstein Asher (FRA)"]
[Result "0-1"]
[WhiteElo "2370"]
[BlackElo "2299"]

1.d4 Nf6 2.c4 c5 3.d5 e6 4.Nc3 exd5 5.cxd5 d6 6.e4 g6 7.f4 Bg7 8.Nf3 O-O 9.Be2
Nbd7 10.O-O Re8 11.Qc2 Qe7 12.e5 dxe5 13.Bc4 Nb6 14.d6 Qd8 15.Bxf7+ Kxf7
16.Ng5+ Kg8 17.fxe5 Bf5 18.Qd1 Ng4 19.Nd5 Bxe5 20.Nxb6 Bd4+ 21.Kh1 Qxd6
22.Qb3+ Be6 23.Bf4 Bxb3 24.Bxd6 axb6 {#R} 0-1

[Event "It (open)"]
[Site "masterchessopen.com - Saint-Quentin (France)"]
[Round "9"]
[White "Bernier Stephane (FRA)"]
[Black "Baron Romuald (FRA)"]
[Result "1-0"]
[WhiteElo "1527"]
[BlackElo "1973"]

1.d4 Nf6 2.c4 c5 3.d5 e6 4.Nc3 exd5 5.cxd5 d6 6.e4 g6 7.f4 Bg7 8.Nf3 O-O 9.Bd3
a6 10.a4 Bg4 11.O-O Nbd7 12.Qc2 Qc7 13.b3 Rfe8 14.Bb2 Nh5 15.h3 Bxf3 16.Rxf3
Qb6 17.Kh1 g5 18.g3 Qd8 19.Ne2 gxf4 20.gxf4 Qh4 21.Rg1 Kh8 22.Rg4 Qe1+ 23.Rg1
Qh4 24.Bxg7+ Nxg7 25.Qb2 Rg8 26.Rfg3 Nf8 27.Kh2 Ng6 28.Rg4 Qh6 29.Qf6 Rad8
30.Ng3 b6 31.Nf5 Qh5 32.Nxg7 {#r} 1-0

[Event "Ch NRW (2 liga)"]
[Site "masterchessopen.com - Germany"]
[Date "2003.02.16"]
[Round "6"]
[White "Grobbel Rainer (GER)"]
[Black "Beckmann Frank (GER)"]
[Result "0-1"]
[WhiteElo "2047"]
[BlackElo "2146"]

1.d4 Nf6 2.c4 c5 3.d5 e6 4.Nc3 exd5 5.cxd5 d6 6.e4 g6 7.f4 Bg7 8.Nf3 O-O 9.Bd3
a6 10.a4 Re8 11.O-O Nbd7 12.h3 Qc7 13.Be3 Rb8 14.Qe2 b6 15.Rae1 c4 16.Bb1 b5
17.Rc1 b4 18.Nd1 Nxe4 19.Rxc4 Nec5 20.Qd2 a5 21.Re1 Ba6 22.Rc1 Qb7 23.Bc2 Nb6
24.Bxc5 dxc5 25.d6 Nc4 26.Rxe8+ Rxe8 27.d7 Rd8 28.Qf2 Qxd7 29.Qxc5 Rc8 30.Qf2
Nxb2 31.Ne5 Bxe5 32.fxe5 Nd3 33.Qd2 Qa7+ {#R} 0-1

[Event "Ch France (team) (2) 2003/04"]
[Site "masterchessopen.com - France"]
[Date "2003.11.15"]
[Round "2"]
[White "Delalande Thierry (FRA)"]
[Black "Tagnon Nicole (FRA)"]
[Result "1-0"]
[WhiteElo "2152"]
[BlackElo "2003"]

1.d4 Nf6 2.c4 e6 3.Nc3 c5 4.d5 exd5 5.cxd5 d6 6.e4 g6 7.f4 Bg7 8.Nf3 O-O 9.Be2
a6 10.O-O Re8 11.e5 dxe5 12.fxe5 Ng4 13.Bf4 Nxe5 14.d6 Nbc6 15.Qd2 Nd4 16.Nxe5
Bxe5 17.Bc4 Bf5 18.g4 Be6 19.Bxe5 Bxc4 20.Qf4 Rxe5 21.Qxe5 Qh4 22.Ne4 Qxg4+
23.Kh1 Qe6 {#r} 1-0

[Event "It (open)"]
[Site "masterchessopen.com - Sofia (Bulgaria)"]
[Date "2004.06.19"]
[Round "2"]
[White "Nikolov Savko (BUL)"]
[Black "Mishkovski Liubomir"]
[Result "1-0"]
[WhiteElo "1937"]
[BlackElo "2025"]

1.d4 Nf6 2.c4 c5 3.d5 e6 4.Nc3 exd5 5.cxd5 d6 6.e4 g6 7.f4 Bg7 8.Nf3 O-O 9.Be2
b5 10.e5 dxe5 11.fxe5 Ng4 12.Bg5 Qb6 13.O-O Nxe5 14.d6 c4+ 15.Kh1 Nbd7 16.Nd5
Qc5 17.b4 cxb3 18.Rc1 Qa3 19.axb3 Nxf3 20.Bxf3 Rb8 21.Be7 Re8 22.b4 a5 23.Nc7
Rf8 24.Bxf8 Nxf8 25.Bd5 Qxb4 26.Rxf7 Kh8 27.Ne8 Bh6 28.Qe2 Qd4 29.Rd1 Qc3
30.Qe7 {#r} 1-0

[Event "It (open)"]
[Site "masterchessopen.com - La Fere (France)"]
[Round "2"]
[White "Ricord Lucas (FRA)"]
[Black "Quillan Gary (ENG)"]
[Result "0-1"]
[WhiteElo "1933"]
[BlackElo "2322"]

1.d4 e6 2.c4 Nf6 3.Nc3 c5 4.d5 exd5 5.cxd5 d6 6.e4 g6 7.f4 Bg7 8.Nf3 O-O 9.Bd3
Re8 10.O-O a6 11.Qa4 Nbd7 12.Be3 b5 13.Qc2 c4 14.Be2 b4 15.Na4 Rxe4 16.Bf2 Bb7
17.Bxc4 Rc8 18.b3 Bxd5 19.Qd3 Bxc4 20.bxc4 Rexc4 21.Qxd6 Ne4 {#R} 0-1

[Event "It (open)"]
[Site "masterchessopen.com - Haarlem (Netherlands)"]
[Date "2004.07.03"]
[Round "4"]
[White "Tromp Patriek (NED)"]
[Black "Gouma Ronald (NED)"]
[Result "1-0"]
[WhiteElo "2084"]
[BlackElo "2011"]

1.d4 c5 2.d5 Nf6 3.c4 e6 4.Nc3 exd5 5.cxd5 d6 6.e4 g6 7.f4 Bg7 8.Nf3 O-O 9.Be2
Na6 10.e5 dxe5 11.fxe5 Ng4 12.Bg5 Qa5 13.O-O Nxe5 14.Nxe5 Bxe5 15.Be7 Re8
16.d6 Bd4+ 17.Kh1 Be6 18.Ne4 f5 19.Ng5 Bd5 20.Bf3 Bxf3 21.Qxf3 c4 22.Qxb7 Rab8
23.Qd7 Nc5 24.Qc6 {#r} 1-0

[Event "It (open)"]
[Site "masterchessopen.com - Vlissingen (Netherlands)"]
[Date "2004.08.08"]
[Round "2"]
[White "Oud Nicolas (NED)"]
[Black "Stellwagen Daniel (NED)"]
[Result "0-1"]
[WhiteElo "2125"]
[BlackElo "2512"]

1.d4 Nf6 2.c4 c5 3.d5 e6 4.Nc3 exd5 5.cxd5 d6 6.e4 g6 7.f4 Bg7 8.Nf3 O-O 9.Bd3
b5 10.O-O c4 11.Bc2 b4 12.Na4 Re8 13.Re1 Na6 14.h3 Qa5 15.Bd2 Bd7 16.a3 Bxa4
17.Bxa4 Rxe4 18.Bc6 Rb8 19.axb4 Qb6+ 20.Kh2 Nxb4 21.Ng5 Rxe1 22.Qxe1 Nbxd5
{#R} 0-1

[Event "It (open)"]
[Site "masterchessopen.com - Brno (Czech Republic)"]
[Date "2004.08.30"]
[Round "2"]
[White "Holemar David (CZE)"]
[Black "Meszaros Ludek (CZE)"]
[Result "0-1"]
[WhiteElo "2326"]
[BlackElo "2190"]

1.d4 Nf6 2.c4 c5 3.d5 e6 4.Nc3 exd5 5.cxd5 g6 6.e4 d6 7.f4 Bg7 8.Nf3 O-O 9.Be2
Bg4 10.O-O Bxf3 11.Bxf3 Nbd7 12.a4 a6 13.Be3 Rb8 14.e5 Qe7 15.Re1 dxe5 16.d6
Qe6 17.fxe5 Qxe5 18.Bf2 Qf5 19.Re7 Ne5 20.Bxb7 Nfg4 21.Bg3 Nd3 22.Ne4 Bd4+
23.Kh1 Qxe4 24.Bxe4 Ndf2+ 25.Kg1 Nxd1+ 26.Kf1 Nde3+ 27.Ke2 Rxb2+ 28.Kf3 f5
29.Bc6 Rb6 30.Be8 f4 31.d7 fxg3+ 32.Bf7+ Rxf7+ 33.Kxg3 Rd6 {#R} 0-1

[Event "Ch Spain (seniors) (open)"]
[Site "masterchessopen.com - Calvia (Spain)"]
[Date "2004.10.14"]
[Round "3"]
[White "Siegmund Rainer (GER)"]
[Black "Romero Briones Antonio (ESP)"]
[Result "1-0"]
[WhiteElo "2101"]
[BlackElo "2254"]

1.d4 Nf6 2.c4 e6 3.Nc3 c5 4.d5 exd5 5.cxd5 d6 6.e4 g6 7.f4 Bg7 8.Nf3 O-O 9.Be2
b5 10.e5 dxe5 11.fxe5 Ng4 12.Bg5 f6 13.exf6 Bxf6 14.Qd2 Ne5 15.Bxf6 Qxf6
16.O-O Nbd7 17.Ng5 Qb6 18.Ne6 Rf6 19.Qh6 Rxe6 20.dxe6 Qxe6 21.Bxb5 Bb7 22.h3
c4 23.Rae1 Re8 24.Re2 a6 25.Ba4 Rd8 26.Bxd7 Qb6+ 27.Qe3 Nxd7 28.Qxb6 Nxb6
29.Re7 Rd7 30.Rff7 {#r} 1-0

[Event "It (open)"]
[Site "masterchessopen.com - Sautron (France)"]
[Date "2004.10.29"]
[Round "7"]
[White "Gerard Nicolas (FRA)"]
[Black "Le Ruyet Leopold (FRA)"]
[Result "1-0"]
[WhiteElo "2323"]
[BlackElo "1903"]

1.d4 Nf6 2.c4 c5 3.d5 e6 4.Nc3 exd5 5.cxd5 d6 6.e4 g6 7.f4 Bg7 8.Nf3 O-O 9.Be2
Bg4 10.O-O Nbd7 11.Re1 Ne8 12.Kh1 a6 13.a4 b6 14.h3 Bxf3 15.Bxf3 f5 16.Qe2
fxe4 17.Nxe4 Ndf6 18.Ng5 Qd7 19.Ne6 Rf7 20.Bd2 Nc7 21.Nxg7 Kxg7 22.Bc3 Re8
23.Qd3 Kg8 24.Rxe8+ Qxe8 25.f5 g5 26.Re1 Re7 27.Re6 Nd7 28.Bh5 Qf8 29.f6 Nxe6
30.fxe7 Qxe7 31.dxe6 {#r} 1-0

[Event "It (open)"]
[Site "masterchessopen.com - Bethune (France)"]
[Date "2005.07.04"]
[Round "3"]
[White "Griffon Olivier (FRA)"]
[Black "Faure Stephane (FRA)"]
[Result "0-1"]
[WhiteElo "1988"]
[BlackElo "2122"]

1.d4 Nf6 2.c4 e6 3.Nc3 c5 4.d5 exd5 5.cxd5 d6 6.e4 g6 7.f4 Bg7 8.Nf3 O-O 9.Be2
b5 10.Bxb5 Nxe4 11.Nxe4 Qa5+ 12.Nc3 Bxc3+ 13.bxc3 Qxb5 14.Be3 Nd7 15.Rb1 Qc4
16.Qe2 Qxc3+ 17.Kf2 Nf6 18.Rhc1 Ng4+ {#R} 0-1

[Event "Ch Slovenia (w)"]
[Site "masterchessopen.com - Ptuj (Slovenia)"]
[Date "2005.08.17"]
[Round "7"]
[White "Ahmatovic Mirela (SLO)"]
[Black "Bukovec Tina (SLO)"]
[Result "0-1"]
[WhiteElo "1936"]
[BlackElo "1849"]

1.d4 c5 2.d5 Nf6 3.c4 e6 4.Nc3 exd5 5.cxd5 d6 6.e4 g6 7.f4 Bg7 8.Nf3 O-O 9.Be2
Na6 10.O-O Re8 11.Bb5 Bd7 12.Bxd7 Qxd7 13.Re1 Nc7 14.Qb3 b5 15.e5 dxe5 16.Nxe5
Ng4 17.Be3 Nxe5 18.fxe5 c4 19.e6 fxe6 20.dxe6 Rxe6 21.Qc2 Rae8 22.Red1 Qf7
23.Rf1 Qe7 24.Bxa7 Qg5 25.Bf2 Qg4 26.Rad1 b4 27.h3 Qg5 28.Na4 Qb5 29.Rc1 Rc6
30.Nc5 Rxc5 31.Bxc5 Qxc5+ 32.Qf2 {#R} 0-1

[Event "It (open)"]
[Site "masterchessopen.com - Nikea (Greece)"]
[Date "2005.08.26"]
[Round "5"]
[White "Maliaros Stavros (GRE)"]
[Black "Homatidis Panagiotis (GRE)"]
[Result "1-0"]
[WhiteElo "2221"]
[BlackElo "2031"]

1.d4 Nf6 2.c4 c5 3.d5 e6 4.Nc3 exd5 5.cxd5 d6 6.e4 g6 7.f4 Bg7 8.Nf3 O-O 9.Bd3
Re8 10.O-O a6 11.a4 c4 12.Bc2 Nbd7 13.h3 Qc7 14.Re1 h6 15.Be3 Nh7 16.a5 Nhf8
17.Bd4 Bxd4+ 18.Nxd4 Nc5 19.Qd2 f6 20.f5 g5 21.Ne6 Qe7 22.Qd4 Nfd7 23.Nc7 Rb8
24.Nxe8 Qxe8 25.Na4 Qe5 26.Qxc4 Nxa4 27.Bxa4 b5 28.axb6 Nxb6 29.Qc3 Qxc3
30.bxc3 {#r} 1-0

[Event "Ch Civil Service (open)"]
[Site "masterchessopen.com - London (England)"]
[Round "1"]
[White "Lunn Timothy (ENG)"]
[Black "Eames Robert (ENG)"]
[Result "0-1"]
[WhiteElo "2115"]
[BlackElo "2320"]

1.d4 Nf6 2.c4 c5 3.d5 e6 4.Nc3 exd5 5.cxd5 d6 6.e4 g6 7.f4 Bg7 8.Nf3 O-O 9.Be2
Bg4 10.O-O Nbd7 11.h3 Bxf3 12.Bxf3 a6 13.a4 Qa5 14.Bd2 c4 15.Qe2 Qc5+ 16.Kh1
Rfe8 17.a5 Rac8 18.g4 h6 19.h4 Qc7 20.g5 hxg5 21.hxg5 Nh7 22.Bg4 Nc5 23.f5
Bxc3 24.fxg6 fxg6 25.Bxc3 Nxe4 26.Qh2 Nxc3 27.Be6+ Rxe6 28.dxe6 Qc6+ 29.Kg1
Qc5+ 30.Qf2 Qxg5+ 31.Qg2 Ne2+ 32.Kh2 Qe5+ {#R} 0-1

[Event "Ch Slovakia (team) 2005/06"]
[Site "masterchessopen.com - Slovakia"]
[Date "2005.11.12"]
[Round "3"]
[White "Kantorik Marian (SVK)"]
[Black "Virostko Petr (CZE)"]
[Result "1-0"]
[WhiteElo "2326"]
[BlackElo "2373"]

1.d4 Nf6 2.c4 c5 3.d5 e6 4.Nc3 exd5 5.cxd5 d6 6.e4 g6 7.f4 Bg7 8.Nf3 O-O 9.Be2
Bg4 10.O-O Nbd7 11.Nd2 Bxe2 12.Qxe2 Ne8 13.Nc4 Nb6 14.Be3 Nxc4 15.Qxc4 Nc7
16.e5 b6 17.Rad1 dxe5 18.fxe5 Bxe5 19.Bh6 Re8 20.d6 Ne6 21.Nd5 Kh8 22.Rxf7
Qxd6 23.Qh4 Ng7 24.Ne3 Qe6 25.Rdd7 Rf8 26.Rxg7 Bxg7 27.Bxg7+ Kg8 28.Re7 Rf4
29.Qg5 {#r} 1-0

[Event "Ch Mittelfranken (team) (B1) 2005/06"]
[Site "masterchessopen.com - Germany"]
[Date "2005.11.20"]
[Round "2"]
[White "Walther Reinhard (GER)"]
[Black "Ederer Rene (GER)"]
[Result "1-0"]
[WhiteElo "1950"]
[BlackElo "1984"]

1.d4 Nf6 2.c4 c5 3.d5 e6 4.Nc3 exd5 5.cxd5 d6 6.e4 g6 7.f4 Bg7 8.Nf3 O-O 9.Bd3
Re8 10.O-O Bg4 11.h3 Bxf3 12.Qxf3 Nbd7 13.Be3 Nxe4 14.Nxe4 f5 15.Nf2 {#r} 1-0

[Event "Ch Hungary (team) 2005/06"]
[Site "masterchessopen.com - Hungary"]
[Date "2006.02.26"]
[Round "8"]
[White "Kahn Evarth Dr (HUN)"]
[Black "Hever Miklos (HUN)"]
[Result "1-0"]
[WhiteElo "2303"]
[BlackElo "2280"]

1.d4 Nf6 2.c4 c5 3.d5 e6 4.Nc3 exd5 5.cxd5 d6 6.e4 g6 7.f4 Bg7 8.Nf3 O-O 9.Be2
Bg4 10.O-O Re8 11.h3 Bxf3 12.Bxf3 Nbd7 13.Kh1 a6 14.a4 Qc7 15.a5 c4 16.Be3
Rac8 17.Ra4 Nf8 18.Bb6 Qd7 19.Bd4 Qc7 20.e5 N6d7 21.exd6 Qxd6 22.Bxg7 Kxg7
23.Qd4+ Qf6 24.Rxc4 Qxd4 25.Rxd4 f5 26.Rb4 Nc5 27.Na4 Nfd7 28.Nxc5 Nxc5 29.Rc1
{#r} 1-0

[Event "It (open) \"]
[Site "masterchessopen.com - Greece"]
[Date "2006.06.05"]
[Round "6"]
[White "Hering Evgenios (GRE)"]
[Black "Himaras Stefanos (GRE)"]
[Result "0-1"]
[WhiteElo "2054"]
[BlackElo "2192"]

1.d4 Nf6 2.c4 c5 3.d5 e6 4.Nc3 d6 5.e4 g6 6.f4 Bg7 7.Nf3 exd5 8.cxd5 O-O 9.Be2
Bg4 10.O-O Nbd7 11.h3 Bxf3 12.Bxf3 Re8 13.Re1 a6 14.a4 Rc8 15.Be3 c4 16.Bf2
Nc5 17.Re2 Nfd7 18.Bg3 Nd3 19.Bg4 Rb8 20.Bxd7 Qxd7 21.Qc2 b5 22.axb5 axb5
23.Rf1 Nxb2 24.e5 Nd3 25.f5 dxe5 26.Ne4 gxf5 {#R} 0-1

[Event "It (open)"]
[Site "masterchessopen.com - Salou (Spain)"]
[Date "2006.06.07"]
[Round "1"]
[White "Ambros Pladellorens Jordi (ESP)"]
[Black "Asis Gargatagli Hipolit (ESP)"]
[Result "0-1"]
[WhiteElo "1804"]
[BlackElo "2376"]

1.d4 Nf6 2.c4 c5 3.d5 e6 4.Nc3 exd5 5.cxd5 d6 6.e4 g6 7.f4 Bg7 8.Nf3 O-O 9.Bd3
Re8 10.O-O Bg4 11.Qc2 Bxf3 12.Rxf3 a6 13.a4 Nbd7 14.a5 c4 15.Bxc4 Rc8 16.Qe2
Nxe4 17.Nxe4 Bd4+ 18.Kf1 Nc5 19.Qd1 Rxe4 20.Bd3 Nxd3 21.Qxd3 Qe7 22.Bd2 Re8
23.Bc3 Qh4 {#R} 0-1

[Event "Tournament (b)"]
[Site "masterchessopen.com - Warsaw (Poland)"]
[Date "2006.06.14"]
[Round "6"]
[White "Zurkowski Andrzej (POL)"]
[Black "Szewczak Andrzej (POL)"]
[Result "1-0"]
[WhiteElo "2021"]
[BlackElo "1975"]

1.d4 Nf6 2.c4 c5 3.d5 e6 4.Nc3 exd5 5.cxd5 d6 6.e4 g6 7.f4 Bg7 8.Nf3 O-O 9.Be2
Bg4 10.O-O Re8 11.h3 Bxf3 12.Bxf3 b5 13.e5 dxe5 14.fxe5 Nh5 15.Bxh5 gxh5
16.Qxh5 Qd7 17.Rf5 b4 18.Ne4 Qxd5 19.Ng5 Rxe5 20.Qxh7+ Kf8 21.Rxf7+ Qxf7
22.Nxf7 Kxf7 23.Bh6 {#r} 1-0

[Event "It (open)"]
[Site "masterchessopen.com - Balaguer (Spain)"]
[Date "2006.07.17"]
[Round "1"]
[White "Hajenius Willem (BEL)"]
[Black "Castellanos Renier (ESP)"]
[Result "0-1"]
[WhiteElo "1993"]
[BlackElo "2471"]

1.d4 Nf6 2.c4 e6 3.Nc3 c5 4.d5 exd5 5.cxd5 d6 6.e4 g6 7.f4 Bg7 8.Nf3 O-O 9.Be2
Bg4 10.O-O Nbd7 11.Re1 Re8 12.h3 Bxf3 13.Bxf3 Qa5 14.Qc2 b5 15.Bd2 Rac8 16.e5
dxe5 17.f5 b4 18.fxg6 bxc3 19.gxf7+ Kxf7 20.Bxc3 Qb6 21.Qf5 Kg8 22.g4 c4+
23.Kg2 e4 24.Be2 Qd6 25.Rad1 Ne5 26.Rf1 Nfd7 27.Qxe4 Ng6 {#R} 0-1

[Event "It (open)"]
[Site "masterchessopen.com - Biel (Switzerland)"]
[Date "2006.07.28"]
[Round "5"]
[White "Cutmore David A (ENG)"]
[Black "Misiano Franco (ITA)"]
[Result "0-1"]
[WhiteElo "2043"]
[BlackElo "2269"]

1.d4 Nf6 2.c4 c5 3.d5 e6 4.Nc3 exd5 5.cxd5 d6 6.e4 g6 7.f4 Bg7 8.Nf3 O-O 9.Bd3
Bg4 10.O-O Nbd7 11.h3 Bxf3 12.Qxf3 a6 13.a4 Re8 14.Be3 Qa5 15.Bd2 c4 16.Bc2
Qb6+ 17.Kh1 Qxb2 18.Ra2 Qb6 19.Be3 Qa5 20.Bd4 Nxe4 21.Nxe4 Bxd4 22.Nxd6 Re3
23.Qg4 Nf6 24.Qg5 Qxd5 25.Qxd5 Nxd5 26.Nxc4 Rc3 27.Na3 Nb4 28.Rb2 Rxh3+
29.gxh3 Bxb2 30.Nc4 Nxc2 31.Nxb2 Re8 32.Nd3 Re3 33.Nc5 Rxh3+ 34.Kg2 Rc3 {#R}
0-1

[Event "Ch Region"]
[Site "masterchessopen.com - Dnepropetrovsk (Ukraine)"]
[Round "11"]
[White "Makarevich Vladimir (UKR)"]
[Black "Kononenko Dmitry (UKR)"]
[Result "0-1"]
[WhiteElo "2063"]
[BlackElo "2246"]

1.d4 Nf6 2.c4 c5 3.d5 e6 4.Nc3 exd5 5.cxd5 d6 6.e4 g6 7.f4 Bg7 8.Nf3 O-O 9.Bd3
b5 10.Bxb5 Nxe4 11.Nxe4 Qa5+ 12.Kf2 Qxb5 13.Nxd6 Qb6 14.Nxc8 Rxc8 15.Ne5 c4+
16.Kg3 c3 17.Qb3 Qd4 18.Re1 Bxe5 19.Rxe5 Nd7 20.Be3 Qd3 21.Re7 Rab8 22.Qd1
cxb2 23.Rb1 Qxd1 24.Rxd1 Nf6 25.Bd4 Nxd5 26.Ree1 Nc3 27.Bxc3 Rxc3+ 28.Kf2 Rc2+
29.Kg1 Rbc8 30.Rb1 Rc1 {#R} 0-1

[Event "Ch Slovakia (team) 2006/07 (1 liga) West"]
[Site "masterchessopen.com - Slovakia"]
[Date "2006.12.03"]
[Round "6"]
[White "Ac Michal (SVK)"]
[Black "Vlcek Stanislav (SVK)"]
[Result "0-1"]
[WhiteElo "2185"]
[BlackElo "2313"]

1.d4 Nf6 2.c4 g6 3.Nc3 Bg7 4.e4 d6 5.f4 c5 6.d5 e6 7.Nf3 exd5 8.cxd5 O-O 9.Be2
Bg4 10.O-O Nbd7 11.h3 Bxf3 12.Bxf3 Rb8 13.a4 a6 14.Re1 Ne8 15.a5 b6 16.axb6
Rxb6 17.Qc2 Qh4 18.Bd2 Bd4+ 19.Kh1 g5 20.e5 gxf4 21.e6 Ne5 22.Rxe5 Bxe5 23.Re1
fxe6 24.dxe6 Nc7 25.Nd5 Rxb2 26.Qc1 Nxe6 27.Rxe5 dxe5 28.Qxb2 Nd4 29.Bg4 f3
30.Ne3 h5 {#R} 0-1

[Event "It (open)"]
[Site "masterchessopen.com - Litomysl (Czech Republic)"]
[Date "2006.12.29"]
[Round "5"]
[White "Kantorik Marian (SVK)"]
[Black "Villwock Martin (GER)"]
[Result "0-1"]
[WhiteElo "2364"]
[BlackElo "2170"]

1.d4 Nf6 2.c4 c5 3.d5 e6 4.Nc3 exd5 5.cxd5 d6 6.e4 g6 7.f4 Bg7 8.Nf3 O-O 9.Be2
Nbd7 10.e5 dxe5 11.fxe5 Ng4 12.e6 Nde5 13.Ng5 fxe6 14.Bxg4 Nxg4 15.Qxg4 exd5
16.Qh4 h6 17.Nf3 g5 18.Qg3 d4 19.Nb1 Qe8+ 20.Kd2 c4 21.Na3 c3+ 22.Kd1 d3
23.Re1 Qa4+ 24.b3 c2+ {#R} 0-1

[Event "Ch Australia (juniors) (under 18)"]
[Site "masterchessopen.com - Canberra (Australia)"]
[Date "2007.01.14"]
[Round "1"]
[White "Donaldson Thomas (AUS)"]
[Black "Russell Luthien (AUS)"]
[Result "1-0"]
[WhiteElo "2065"]
[BlackElo "1738"]

1.d4 Nf6 2.c4 c5 3.d5 e6 4.Nc3 exd5 5.cxd5 d6 6.e4 g6 7.f4 Bg7 8.Nf3 O-O 9.Bd3
Bg4 10.O-O Nbd7 11.h3 Bxf3 12.Qxf3 Re8 13.a4 a6 14.Kh1 Rc8 15.Be3 Qc7 16.Rae1
Re7 17.Re2 Qa5 18.Bf2 c4 19.Bc2 b5 20.axb5 axb5 21.Bg3 b4 22.Nd1 Nh5 23.Bh4
Ree8 24.g4 Nhf6 25.Bg3 Nb6 26.f5 Rcd8 27.Bh4 Nbd7 28.Qf2 Nc5 29.fxg6 Ncxe4
30.Bxe4 Rxe4 31.Rxe4 Nxe4 32.Qxf7+ Kh8 33.Bxd8 Qxd8 34.Re1 {#r} 1-0

[Event "It \"]
[Site "masterchessopen.com - Donskoj (Russia)"]
[Date "2007.07.11"]
[Round "4"]
[White "Simantsev Mikhail (UKR)"]
[Black "Saulin Dmitri (RUS)"]
[Result "1-0"]
[WhiteElo "2518"]
[BlackElo "2409"]

1.d4 Nf6 2.c4 c5 3.d5 d6 4.Nc3 e6 5.e4 exd5 6.cxd5 g6 7.f4 Bg7 8.Nf3 O-O 9.Be2
a6 10.a4 Bg4 11.O-O Re8 12.h3 Bxf3 13.Bxf3 Nbd7 14.Re1 Rc8 15.Be3 c4 16.Qe2
Qa5 17.Qf2 Nc5 18.Bxc5 Qxc5 19.Qxc5 Rxc5 20.e5 Nd7 21.Ne4 Rxd5 22.Nf6+ Bxf6
23.Bxd5 dxe5 24.Bxb7 {#r} 1-0

[Event "Cup North Sea (open)"]
[Site "masterchessopen.com - Esbjerg (Denmark)"]
[Date "2007.07.14"]
[Round "2"]
[White "Porsgaard Per Lykke"]
[Black "Pontoppidan Erik (DEN)"]
[Result "0-1"]
[WhiteElo "1195"]
[BlackElo "1756"]

1.d4 Nf6 2.c4 c5 3.d5 e6 4.Nc3 exd5 5.cxd5 d6 6.e4 g6 7.f4 Bg7 8.Nf3 O-O 9.Bd3
a6 10.a4 Bg4 11.O-O Re8 12.h3 Bxf3 13.Qxf3 Qc7 14.e5 dxe5 15.fxe5 Qxe5 16.Bf4
Qd4+ 17.Kh2 Nbd7 18.Rfe1 Rxe1 19.Rxe1 Re8 20.Rxe8+ Nxe8 21.Be4 f5 22.Bb1 Be5
23.g3 Bxf4 24.gxf4 Nd6 25.Ba2 Nf6 26.Kg3 Nh5+ 27.Kh4 Qf6# 0-1

[Event "It (open)"]
[Site "masterchessopen.com - Campobasso (Italy)"]
[Date "2007.07.22"]
[Round "6"]
[White "Sannino Raffaele (ITA)"]
[Black "De Leon Cultri Fascetti Angelo"]
[Result "0-1"]
[WhiteElo "2014"]
[BlackElo "2010"]

1.d4 Nf6 2.c4 c5 3.d5 e6 4.Nc3 exd5 5.cxd5 d6 6.e4 g6 7.f4 Bg7 8.Nf3 O-O 9.Be2
a6 10.a4 Nfd7 11.O-O f5 12.Ng5 Bd4+ 13.Kh1 Nf6 14.exf5 Bxf5 15.g4 Bc8 16.f5
Qe7 17.Ne6 Re8 18.g5 Bxc3 19.bxc3 Ne4 20.f6 Qf7 21.Qc2 Rxe6 22.dxe6 Qxe6
23.f7+ Kf8 24.Bf3 Qh3 25.Qg2 Ng3+ 26.Kg1 Qxg2+ 27.Kxg2 Nxf1 28.Kxf1 Be6 29.Bf4
Bc4+ 30.Kg2 Kxf7 31.Bxd6 Nd7 32.Rb1 Ra7 33.Bxb7 Rxb7 {#R} 0-1

[Event "It (open) (b)"]
[Site "masterchessopen.com - Grodzisk Mazowiecki (Poland)"]
[Date "2007.07.24"]
[Round "5"]
[White "Plichta Kamil (POL)"]
[Black "Kaniak Monika (POL)"]
[Result "0-1"]
[WhiteElo "1990"]
[BlackElo "1981"]

1.d4 Nf6 2.c4 c5 3.d5 e6 4.Nc3 exd5 5.cxd5 d6 6.e4 g6 7.f4 Bg7 8.Nf3 O-O 9.Be2
Bg4 10.O-O Re8 11.e5 dxe5 12.fxe5 Bxf3 13.Bxf3 Rxe5 14.Bf4 Re8 15.Nb5 Ne4
16.Re1 Qb6 17.Nc7 c4+ 18.Re3 Bd4 19.Qxd4 Qxd4 20.Rd1 Nd2 21.Rxd2 Qxf4 22.Rxe8+
Kg7 23.Rd1 Qxc7 24.d6 Qb6+ 25.Kh1 Qxb2 26.d7 Nxd7 27.Rxa8 Ne5 28.Bd5 c3 29.Rc8
c2 30.Rf1 Nc6 {#R} 0-1

[Event "It (open) (seniors)"]
[Site "masterchessopen.com - Triesen (Liechtenstein)"]
[Date "2008.04.26"]
[Round "2"]
[White "Hajenius Willem (BEL)"]
[Black "Blechzin Igor (RUS)"]
[Result "1-0"]
[WhiteElo "2045"]
[BlackElo "2477"]

1.d4 Nf6 2.c4 c5 3.d5 e6 4.Nc3 exd5 5.cxd5 d6 6.e4 g6 7.f4 Bg7 8.Nf3 O-O 9.Be2
b5 10.e5 dxe5 11.fxe5 Ng4 12.Bg5 Qb6 13.O-O c4+ 14.Kh1 Nxe5 15.Nxe5 Bxe5
16.Be7 Re8 17.d6 Nc6 18.Nd5 Qd4 19.Bf3 Bd7 20.Nc7 Qf4 21.g3 Qh6 22.Bd5 Rxe7
23.dxe7 Bxg3 24.Qe2 Bxc7 25.Rxf7 Kh8 26.Raf1 Qg5 27.Qe4 Nxe7 28.Bxa8 Be5
29.Re1 {#r} 1-0

[Event "Ch Great Britain"]
[Site "masterchessopen.com - Liverpool (England)"]
[Date "2008.08.07"]
[Round "10"]
[White "Elwin Adrian G (ENG)"]
[Black "Rayner Francis (WLS)"]
[Result "0-1"]
[WhiteElo "2015"]
[BlackElo "2151"]

1.d4 Nf6 2.c4 c5 3.d5 e6 4.Nc3 exd5 5.cxd5 d6 6.e4 g6 7.f4 Bg7 8.Nf3 O-O 9.Bd3
a6 10.a4 Bg4 11.O-O Nbd7 12.h3 Bxf3 13.Qxf3 Qc7 14.g4 h6 15.Be2 Rae8 16.Qg2
Re7 17.Bf3 Rfe8 18.Be3 Nb6 19.Rad1 Nxa4 20.Nxa4 Nxe4 21.Bc1 b5 22.Bxe4 Rxe4
23.Nc3 R4e7 24.f5 Bd4+ 25.Kh1 b4 26.Nb1 Re2 27.Qg3 g5 28.Rde1 Qe7 29.Rxe2 Qxe2
30.Qf3 Qxf3+ 31.Rxf3 Re1+ 32.Kg2 Rxc1 33.Nd2 Rc2 34.Rd3 Bxb2 {#R} 0-1